00611 2200193 4500001002100000005001500021035002000036007000300056008004100059020001800100082001000118084001600128100002000144245009500164260002700259300004200286520007300328600001600401INLIS00000000000062620211002042223 a0010-1021000031ta211002 b 1 ind  a602-175-536-7 a398.2 a398.2 TIR c0 aTira Ikranegara1 aCerita Rakyat Nusantara :bande ande lumut dan dongeng terkenal lainnya /cTira Ikranegara aJakarta :bSandro Jaya a96 Halaman :bIlustrasi ;c20 x 14 cm amendongeng memiliki banyak manfaat positif untuk tumbuh kembang anak 4aCerita Anak